000 00216nam a22001097a 4500
040 _cHS
082 _a428
100 _aJOHN SYDES
245 _aTech Talk
260 _aOxford university
_bJOHN SYDES
_c2010
942 _cEK
999 _c8466
_d8466